[Event "SLO-chT1 West"]
[Site "Ljubljana"]
[Date "2013.10.27"]
[Round "9"]
[White "Veber, Bojan"]
[Black "Ivetic, Saso"]
[Result "1-0"]
[WhiteElo "2088"]
[BlackElo "1988"]
[PlyCount "95"]
[EventDate "2013.09.27"]
[EventType "team-tourn"]
[EventRounds "9"]
[EventCountry "SLO"]
[SourceTitle "EXT 2019"]
[Source "ChessBase"]
[SourceDate "2018.10.10"]
[SourceVersion "1"]
[SourceVersionDate "2018.10.10"]
[SourceQuality "1"]
[WhiteTeam "Piran"]
[BlackTeam "Kocevje"]
[WhiteTeamCountry "SLO"]
[BlackTeamCountry "SLO"]

1. e4 g6 2. f4 Bg7 3. Nf3 d6 4. g3 Nc6 5. Bg2 e5 6. 0-0 Nf6 7. d3 0-0 8. Nc3 Bg4 9. h3 Bxf3 10. Qxf3 Nd4 11. Qf2 h6 12. Be3 Ne6 13. Nd5 exf4 14. Nxf4 Nxf4 15. gxf4 Nd7 16. c3 c6 17. d4 Qe7 18. Rae1 Rae8 19. Qd2 f6 20. Bf3 Qf7 21. b3 Re7 22. Qg2 Kh7 23. Kh2 Rfe8 24. Bc1 c5 25. e5 dxe5 26. Bd5 Qf8 27. fxe5 f5 28. Bxb7 cxd4 29. cxd4 Nb6 30. Ba3 Qf7 31. Bxe7 Rxe7 32. Bc6 Qe6 33. Kh1 Qc8 34. a4 Qa6 35. Rg1 g5 36. Bb5 Qc8 37. Bd3 Kh8 38. a5 Na8 39. Rgf1 f4 40. Rc1 Qd8 41. Qe4 Bf8 42. Rc4 Nc7 43. Rfc1 Rg7 44. d5 Ba3 45. R1c2 g4 46. d6 Qh4 47. dxc7 Qxh3+ 48. Rh2 1-0

[Event "SLO-chT1 West"]
[Site "Ljubljana"]
[Date "2012.09.29"]
[Round "5.6"]
[White "Petrovic, Nejc"]
[Black "Veber, Bojan"]
[Result "1/2-1/2"]
[WhiteElo "1955"]
[BlackElo "2087"]
[PlyCount "105"]
[EventDate "2012.09.21"]
[EventType "team-tourn"]
[EventRounds "9"]
[EventCountry "SLO"]
[SourceTitle "EXT 2022"]
[Source "ChessBase"]
[SourceDate "2021.10.06"]
[SourceVersion "1"]
[SourceVersionDate "2021.10.06"]
[SourceQuality "1"]
[WhiteTeam "Gorenjka Lesce"]
[BlackTeam "Piran"]
[WhiteTeamCountry "SLO"]
[BlackTeamCountry "SLO"]

1. e4 d6 2. d4 Nf6 3. Nc3 g6 4. Be3 Bg7 5. h3 0-0 6. f4 c5 7. Nf3 Qa5 8. Qd2 Nc6 9. Bd3 Rd8 10. 0-0 Nh5 11. d5 Nb4 12. g4 Nxd3 13. cxd3 Nf6 14. f5 b5 15. Bh6 b4 16. Ne2 c4 17. Bxg7 Kxg7 18. g5 Nh5 19. dxc4 gxf5 20. Qd4+ Kg8 21. exf5 Bxf5 22. Qh4 Qc5+ 23. Nfd4 Bg6 24. b3 e5 25. dxe6 fxe6 26. Rf2 Ng7 27. Ng3 e5 28. Nf3 Rf8 29. Ne4 Bxe4 30. Qxe4 Rae8 31. Rd1 Rf4 32. Qd5+ Qxd5 33. cxd5 Ref8 34. Rdf1 Nf5 35. Nd2 Ne3 36. Rxf4 exf4 37. Rf2 Rf5 38. Ne4 Kg7 39. h4 Nxd5 40. Nxd6 Re5 41. Kg2 Kg6 42. Nc4 Re4 43. Kf3 Rd4 44. Rd2 Rxd2 45. Nxd2 Kh5 46. Ne4 Nc3 47. Kxf4 Nxa2 48. Nf6+ Kg6 49. h5+ Kg7 50. Ne4 Nc1 51. Nc5 Ne2+ 52. Kf5 Ng3+ 53. Kg4 1/2-1/2

[Event "SLO-chT1 West"]
[Site "Ljubljana"]
[Date "2012.09.21"]
[Round "1.5"]
[White "Veber, Bojan"]
[Black "Juhant, Igor"]
[Result "1-0"]
[WhiteElo "2087"]
[BlackElo "1941"]
[PlyCount "88"]
[EventDate "2012.09.21"]
[EventType "team-tourn"]
[EventRounds "9"]
[EventCountry "SLO"]
[SourceTitle "EXT 2022"]
[Source "ChessBase"]
[SourceDate "2021.10.06"]
[SourceVersion "1"]
[SourceVersionDate "2021.10.06"]
[SourceQuality "1"]
[WhiteTeam "Piran"]
[BlackTeam "Komenda SK"]
[WhiteTeamCountry "SLO"]
[BlackTeamCountry "SLO"]

1. e4 c5 2. Nc3 e6 3. g3 Nc6 4. Bg2 Nf6 5. f4 d6 6. Nf3 Be7 7. 0-0 0-0 8. d3 a6 9. h3 Nd7 10. Be3 Rb8 11. d4 cxd4 12. Nxd4 Nxd4 13. Qxd4 b6 14. Rad1 Qc7 15. g4 b5 16. a3 Nb6 17. Kh1 Nc4 18. Bc1 Bf6 19. Qd3 Bb7 20. g5 Be7 21. Rf2 Rbc8 22. Ne2 Qc5 23. Qg3 Nxb2 24. Bxb2 Qxc2 25. Nc3 Rxc3 26. Rxc2 Rxg3 27. Rc7 Rxg2 28. Kxg2 Bxe4+ 29. Kg3 Bd8 30. Ra7 Bb6 31. Rxa6 Bc5 32. Bd4 Rc8 33. Bxc5 dxc5 34. Rb6 Bc2 35. Rc6 Ra8 36. Rd2 Bb3 37. Rxc5 Bc4 38. a4 h6 39. axb5 Bd5 40. Rb2 hxg5 41. fxg5 Kh7 42. h4 Kg6 43. Kg4 f5+ 44. Kf4 Ra7 1-0

[Event "SLO-chT2 West"]
[Site "Slovenia"]
[Date "2010.11.12"]
[Round "6.3"]
[White "Kodela, Marko"]
[Black "Veber, Bojan"]
[Result "1/2-1/2"]
[WhiteElo "2004"]
[BlackElo "2106"]
[PlyCount "52"]
[EventDate "2010.11.05"]
[EventType "team-tourn"]
[EventRounds "9"]
[EventCountry "SLO"]
[SourceTitle "EXT 2022"]
[Source "ChessBase"]
[SourceDate "2021.10.06"]
[SourceVersion "1"]
[SourceVersionDate "2021.10.06"]
[SourceQuality "1"]

1. c4 Nf6 2. Nc3 g6 3. e4 d6 4. d4 Bg7 5. f3 0-0 6. Bg5 Nbd7 7. Nh3 c6 8. Qd2 e5 9. d5 Nb6 10. Nf2 cxd5 11. cxd5 Bd7 12. Be2 Rc8 13. b3 a6 14. Rc1 Na8 15. 0-0 Qa5 16. Nb1 Qxd2 17. Nxd2 b5 18. Nd3 a5 19. b4 a4 20. Be3 Rb8 21. a3 Rb7 22. Rc2 Rfb8 23. Rfc1 Ne8 24. g3 f5 25. Kg2 Nf6 26. h3 Rf8 1/2-1/2

[Event "SLO-chT2 West"]
[Site "Slovenia"]
[Date "2010.11.06"]
[Round "3.3"]
[White "Veber, Bojan"]
[Black "Ursic, Mateja"]
[Result "1-0"]
[WhiteElo "2106"]
[BlackElo "2091"]
[PlyCount "65"]
[EventDate "2010.11.05"]
[EventType "team-tourn"]
[EventRounds "9"]
[EventCountry "SLO"]
[SourceTitle "EXT 2022"]
[Source "ChessBase"]
[SourceDate "2021.10.06"]
[SourceVersion "1"]
[SourceVersionDate "2021.10.06"]
[SourceQuality "1"]

1. e4 e5 2. f4 d5 3. exd5 c6 4. Nf3 exf4 5. d4 Bd6 6. Nc3 Ne7 7. dxc6 Nbxc6 8. Bb5 0-0 9. 0-0 Bg4 10. Ne4 Bc7 11. c3 Nd5 12. Nc5 Qc8 13. Qe1 Re8 14. Qf2 a6 15. Ba4 Rb8 16. Bd2 Ne3 17. Rfe1 b5 18. Bb3 b4 19. Bxe3 fxe3 20. Rxe3 bxc3 21. bxc3 Qf5 22. Nxa6 Rxe3 23. Qxe3 Bf4 24. Qe2 Ra8 25. Re1 g6 26. Nc5 Qh5 27. h3 Bf5 28. Ne4 Kg7 29. g4 Bxg4 30. hxg4 Qxg4+ 31. Qg2 Qf5 32. Nfg5 Ra7 33. Qh3 1-0

[Event "SLO-chT2 West"]
[Site "Postojna"]
[Date "2009.11.06"]
[Round "6.3"]
[White "Veber, Bojan"]
[Black "Stanic, Simon"]
[Result "1-0"]
[WhiteElo "2122"]
[BlackElo "2034"]
[PlyCount "21"]
[EventDate "2009.10.23"]
[EventType "team-tourn"]
[EventRounds "9"]
[EventCountry "SLO"]
[SourceTitle "EXT 2010"]
[Source "ChessBase"]
[SourceDate "2010.11.25"]
[SourceVersion "1"]
[SourceVersionDate "2010.11.25"]
[SourceQuality "1"]
[WhiteTeam "Piran"]
[BlackTeam "Loska Dolina"]
[WhiteTeamCountry "SLO"]
[BlackTeamCountry "SLO"]

1. e4 e5 2. f4 exf4 3. Nf3 d5 4. exd5 Qxd5 5. Nc3 Qa5 6. Bc4 Nf6 7. Qe2+ Be7 8. d4 Bg4 9. Bxf4 Qb4 10. 0-0-0 Nc6 11. Bxc7 1-0

[Event "SLO-chT2 West"]
[Site "Postojna"]
[Date "2009.10.25"]
[Round "5.3"]
[White "Ursic, Mateja"]
[Black "Veber, Bojan"]
[Result "1-0"]
[WhiteElo "2084"]
[BlackElo "2122"]
[PlyCount "65"]
[EventDate "2009.10.23"]
[EventType "team-tourn"]
[EventRounds "9"]
[EventCountry "SLO"]
[SourceTitle "EXT 2010"]
[Source "ChessBase"]
[SourceDate "2010.11.25"]
[SourceVersion "1"]
[SourceVersionDate "2010.11.25"]
[SourceQuality "1"]
[WhiteTeam "Tolmin Hidria"]
[BlackTeam "Piran"]
[WhiteTeamCountry "SLO"]
[BlackTeamCountry "SLO"]

1. e4 d6 2. d4 Nf6 3. Nc3 g6 4. Be3 c6 5. h3 b5 6. e5 b4 7. exf6 bxc3 8. fxe7 Qxe7 9. bxc3 Bh6 10. Qd2 0-0 11. Be2 Bxe3 12. Qxe3 Qd8 13. Qh6 Qa5 14. Kd2 Nd7 15. Nf3 Nf6 16. Bd3 Nd5 17. Ke2 Re8+ 18. Kf1 Qxc3 19. Rd1 a5 20. h4 Ba6 21. Bxa6 Rxa6 22. h5 Qxc2 23. Rc1 Qd3+ 24. Kg1 Nf6 25. hxg6 fxg6 26. Qf4 Qa3 27. Rh3 Re4 28. Qh6 Qb2 29. Rf1 Qxa2 30. Ng5 Re7 31. Rf3 Re6 32. Rxf6 Rxf6 33. Qxh7+ 1-0

[Event "SLO-chT2 West"]
[Site "Postojna"]
[Date "2009.10.24"]
[Round "3.3"]
[White "Blas, Rudolf"]
[Black "Veber, Bojan"]
[Result "0-1"]
[WhiteElo "1923"]
[BlackElo "2122"]
[PlyCount "56"]
[EventDate "2009.10.23"]
[EventType "team-tourn"]
[EventRounds "9"]
[EventCountry "SLO"]
[SourceTitle "EXT 2010"]
[Source "ChessBase"]
[SourceDate "2010.11.25"]
[SourceVersion "1"]
[SourceVersionDate "2010.11.25"]
[SourceQuality "1"]
[WhiteTeam "Podpec"]
[BlackTeam "Piran"]
[WhiteTeamCountry "SLO"]
[BlackTeamCountry "SLO"]

1. d4 d6 2. c4 Nf6 3. Nc3 g6 4. e4 Bg7 5. Be2 e5 6. d5 a5 7. Nf3 0-0 8. 0-0 Na6 9. Bd3 Bd7 10. h3 Qe8 11. Be3 Kh8 12. Qd2 Ng8 13. Nh2 f5 14. f4 Nc5 15. Bxc5 dxc5 16. fxe5 Qxe5 17. Nf3 Qg3 18. Rae1 fxe4 19. Nxe4 Qf4 20. Qxf4 Rxf4 21. Kh1 Raf8 22. Kh2 b6 23. Neg5 Bh6 24. Ne6 Bxe6 25. Rxe6 R4f7 26. Rfe1 Bf4+ 27. Kh1 Bg3 28. R1e2 a4 0-1

[Event "SLO-chT2 West"]
[Site "Postojna"]
[Date "2009.10.24"]
[Round "2.3"]
[White "Veber, Bojan"]
[Black "Lampic, Gorazd"]
[Result "1/2-1/2"]
[WhiteElo "2122"]
[BlackElo "2106"]
[PlyCount "84"]
[EventDate "2009.10.23"]
[EventType "team-tourn"]
[EventRounds "9"]
[EventCountry "SLO"]
[SourceTitle "EXT 2010"]
[Source "ChessBase"]
[SourceDate "2010.11.25"]
[SourceVersion "1"]
[SourceVersionDate "2010.11.25"]
[SourceQuality "1"]
[WhiteTeam "Piran"]
[BlackTeam "Lojz Kraigher"]
[WhiteTeamCountry "SLO"]
[BlackTeamCountry "SLO"]

1. e4 d5 2. exd5 Qxd5 3. Nc3 Qa5 4. d4 Nf6 5. Nf3 Bg4 6. h3 Bh5 7. g4 Bg6 8. b4 Qxb4 9. Bd2 Qd6 10. Rb1 Na6 11. Rxb7 Nb4 12. Rxb4 Qxb4 13. Nb5 Qa4 14. Nxc7+ Kd8 15. Bb5 Qxa2 16. Nxa8 Be4 17. d5 Bxf3 18. Qxf3 Qb1+ 19. Qd1 Qxb5 20. c4 Qxc4 21. Qe2 Qxe2+ 22. Kxe2 Kc8 23. Rc1+ Kb7 24. Nc7 Ne4 25. Ba5 h5 26. Rb1+ Kc8 27. Na6 Kd7 28. Rb8 Kd6 29. f3 hxg4 30. fxe4 Ke5 31. hxg4 e6 32. Kf3 Rh3+ 33. Kg2 Ra3 34. Rxf8 Rxa5 35. Nb4 Kd6 36. Rd8+ Kc7 37. Rf8 Ra4 38. Rxf7+ Kd6 39. Rb7 exd5 40. exd5 a5 41. Na6 Rxg4+ 42. Kf3 Rd4 1/2-1/2

[Event "SLO-chT2 West"]
[Site "Kranj"]
[Date "2008.10.17"]
[Round "5.3"]
[White "Sivic, Klemen"]
[Black "Veber, Bojan"]
[Result "0-1"]
[WhiteElo "2038"]
[BlackElo "2125"]
[PlyCount "120"]
[EventDate "2008.10.11"]
[EventType "team-swiss"]
[EventRounds "9"]
[EventCountry "SLO"]
[SourceTitle "EXT 2010"]
[Source "ChessBase"]
[SourceDate "2010.11.25"]
[SourceVersion "1"]
[SourceVersionDate "2010.11.25"]
[SourceQuality "1"]
[WhiteTeam "Podpec"]
[BlackTeam "Piran"]
[WhiteTeamCountry "SLO"]
[BlackTeamCountry "SLO"]

1. d4 Nf6 2. c4 g6 3. Nc3 Bg7 4. e4 d6 5. f3 0-0 6. Be3 Nbd7 7. Qd2 c5 8. Nge2 a6 9. 0-0-0 Qa5 10. Kb1 b5 11. Nd5 Nxd5 12. Qxa5 Nxe3 13. Rd3 Nxc4 14. Qe1 Bb7 15. h4 h5 16. Qc1 Rfc8 17. b3 Rab8 18. bxc4 Bxe4 19. fxe4 bxc4+ 20. Rb3 cxb3 21. axb3 cxd4 22. Qd1 Nc5 23. Rh3 Nxe4 24. Rf3 e5 25. Qd3 Nc5 26. Qc4 Nxb3 27. Qxf7+ Kh7 28. Rxb3 Rf8 29. Qd5 Rxb3+ 30. Qxb3 Rxf1+ 31. Kc2 e4 32. Ng3 d3+ 33. Kd2 Bh6+ 34. Kc3 Rc1+ 35. Kb4 Bd2+ 36. Ka3 Rc3 37. Nxe4 Rxb3+ 38. Kxb3 Be1 39. Nxd6 a5 40. Ne4 Bxh4 41. Kc3 a4 42. Kxd3 a3 43. Nc3 Bf6 44. Na2 Kh6 45. Ke4 Kg5 46. Kf3 Kf5 47. Nb4 g5 48. Na2 Be5 49. Nb4 Bc3 50. Na2 Bd2 51. Ke2 Ba5 52. Kf3 g4+ 53. Ke3 Bb6+ 54. Ke2 Kf4 55. Nc3 Kg3 56. Kf1 Kh2 57. Na2 Ba5 58. Kf2 h4 59. Nc1 h3 60. gxh3 g3+ 0-1

[Event "SLO-chT2 West"]
[Site "Kranj"]
[Date "2008.10.11"]
[Round "1.3"]
[White "Robba, Barbara"]
[Black "Veber, Bojan"]
[Result "0-1"]
[WhiteElo "1583"]
[BlackElo "2125"]
[PlyCount "58"]
[EventDate "2008.10.11"]
[EventType "team-swiss"]
[EventRounds "9"]
[EventCountry "SLO"]
[SourceTitle "EXT 2010"]
[Source "ChessBase"]
[SourceDate "2010.11.25"]
[SourceVersion "1"]
[SourceVersionDate "2010.11.25"]
[SourceQuality "1"]
[WhiteTeam "Kranj Tomo Zupan"]
[BlackTeam "Piran"]
[WhiteTeamCountry "SLO"]
[BlackTeamCountry "SLO"]

1. e4 d6 2. d4 Nf6 3. Nd2 g6 4. b3 Bg7 5. Bb2 0-0 6. Ngf3 Nc6 7. Be2 Nh5 8. 0-0 Nf4 9. Nh4 Nxd4 10. Bxd4 Bxd4 11. Rc1 c6 12. c3 Bg7 13. Bg4 e6 14. g3 f5 15. exf5 exf5 16. Bf3 d5 17. Re1 Nd3 18. Re2 Nxc1 19. Qxc1 g5 20. Nxf5 Bxf5 21. Qe1 Bxc3 22. Qc1 Qf6 23. Bg2 Bd3 24. Re1 Qxf2+ 25. Kh1 Bxd2 26. Rf1 Bxc1 27. Rxf2 Rxf2 28. Kg1 Be3 29. h3 Re8 0-1

[Event "SLO-chT1 West"]
[Site "Otocec"]
[Date "2006.11.26"]
[Round "9"]
[White "Veber, Bojan"]
[Black "Karnar, Marijan"]
[Result "0-1"]
[WhiteElo "2138"]
[BlackElo "2258"]
[PlyCount "86"]
[EventDate "2006.11.16"]
[EventType "team"]
[EventRounds "9"]
[EventCountry "SLO"]
[SourceTitle "EXT 2008"]
[Source "ChessBase"]
[SourceDate "2007.11.25"]
[SourceVersion "1"]
[SourceVersionDate "2007.11.25"]
[SourceQuality "1"]

1. e4 e6 2. d4 d5 3. Nc3 dxe4 4. Nxe4 Qd5 5. Nc3 Bb4 6. a3 Bxc3+ 7. bxc3 e5 8. Rb1 a6 9. Nf3 Nc6 10. Be2 e4 11. Nd2 Nf6 12. Nc4 0-0 13. Bf4 Qd7 14. Ne3 Ne7 15. c4 c6 16. g4 Ng6 17. Bg3 Rd8 18. c3 b5 19. g5 Ne8 20. h4 f5 21. Ng2 Qe7 22. Qb3 Be6 23. h5 Nf8 24. Nf4 Nd6 25. Nxe6 Nxe6 26. c5 Nc4 27. Bxc4 bxc4 28. Qxc4 Rd5 29. g6 hxg6 30. Rb6 Qe8 31. hxg6 f4 32. Bh4 f3 33. Rxa6 Rxa6 34. Qxa6 Nf4 35. Kd2 Nxg6 36. Bg3 Ne7 37. Rb1 e3+ 38. fxe3 Qg6 39. Rb8+ Kf7 40. Bf2 Qg2 41. Ke1 Rh5 42. Qc4+ Nd5 43. Rb7+ Kf6 0-1

[Event "SLO-chT1 West"]
[Site "Otocec"]
[Date "2006.11.18"]
[Round "3"]
[White "Veber, Bojan"]
[Black "Jansa, Andrej"]
[Result "1-0"]
[WhiteElo "2138"]
[BlackElo "2043"]
[PlyCount "77"]
[EventDate "2006.11.16"]
[EventType "team"]
[EventRounds "9"]
[EventCountry "SLO"]
[SourceTitle "EXT 2008"]
[Source "ChessBase"]
[SourceDate "2007.11.25"]
[SourceVersion "1"]
[SourceVersionDate "2007.11.25"]
[SourceQuality "1"]

1. e4 e5 2. f4 d5 3. exd5 e4 4. d3 Nf6 5. dxe4 Nxe4 6. Nf3 Bc5 7. Qe2 Qe7 8. Be3 Bb4+ 9. c3 Bd6 10. Nbd2 0-0 11. Nc4 Bg4 12. 0-0-0 Re8 13. Nxd6 cxd6 14. Bd4 Nd7 15. h3 Ng3 16. Qxe7 Rxe7 17. Rg1 Bh5 18. Re1 Rae8 19. Bb5 f6 20. Bxa7 Bf7 21. Rxe7 Rxe7 22. Re1 Kf8 23. Bc4 b5 24. Bxb5 Bxd5 25. b3 Ne4 26. c4 Ba8 27. Bd4 Kf7 28. b4 Nf8 29. f5 g6 30. fxg6+ hxg6 31. Kb2 Ne6 32. Be3 Nc7 33. Ba4 Na6 34. a3 Rc7 35. Bb3 Kf8 36. Bh6+ Ke7 37. Nd2 f5 38. Bc2 Kf7 39. Nxe4 1-0

[Event "SLO-chT1 West"]
[Site "Otocec"]
[Date "2006.11.16"]
[Round "1"]
[White "Veber, Bojan"]
[Black "Kastelic, Marian"]
[Result "1-0"]
[WhiteElo "2138"]
[BlackElo "2312"]
[PlyCount "92"]
[EventDate "2006.11.16"]
[EventType "team"]
[EventRounds "9"]
[EventCountry "SLO"]
[SourceTitle "EXT 2008"]
[Source "ChessBase"]
[SourceDate "2007.11.25"]
[SourceVersion "1"]
[SourceVersionDate "2007.11.25"]
[SourceQuality "1"]

1. e4 c5 2. Nc3 e6 3. g3 Nc6 4. d3 g6 5. Bg2 Bg7 6. f4 Nge7 7. Nf3 d5 8. 0-0 0-0 9. Bd2 b6 10. a4 a5 11. Re1 Ra7 12. Nb5 Rd7 13. e5 Ba6 14. c3 Bxb5 15. axb5 Na7 16. Qa4 Rc7 17. Be3 Qd7 18. c4 Nac8 19. Rad1 Rd8 20. Bf2 h5 21. h3 Bh6 22. Qc2 Qe8 23. Qc1 Rcd7 24. Bf1 dxc4 25. dxc4 Nf5 26. Rxd7 Rxd7 27. Rd1 Bf8 28. g4 hxg4 29. hxg4 Nh6 30. Bh3 Qd8 31. Rxd7 Qxd7 32. Qd2 Qc7 33. Be3 Qb7 34. Ng5 Be7 35. Bg2 Qc7 36. Qd3 Qd8 37. Qxd8+ Bxd8 38. Kf2 Kg7 39. Ne4 Ng8 40. Bd2 Kf8 41. Bc3 Ke8 42. Ng3 f5 43. Bc6+ Kf7 44. Bd7 Nce7 45. gxf5 gxf5 46. Nxf5 exf5 1-0

[Event "Trieste op 08th"]
[Site "Trieste"]
[Date "2006.09.09"]
[Round "9"]
[White "Veber, Bojan"]
[Black "Pelosin, Matteo"]
[Result "1-0"]
[WhiteElo "2138"]
[BlackElo "1798"]
[PlyCount "85"]
[EventDate "2006.09.02"]
[EventType "swiss"]
[EventRounds "9"]
[EventCountry "ITA"]
[SourceTitle "CBM 114 Extra"]
[Source "ChessBase"]
[SourceDate "2006.11.03"]
[SourceVersion "1"]
[SourceVersionDate "2006.11.03"]
[SourceQuality "1"]

1. e4 e6 2. d4 d5 3. Nc3 Nf6 4. Bg5 Bb4 5. e5 h6 6. Bd2 Bxc3 7. bxc3 Ne4 8. Qg4 g6 9. h4 Nxd2 10. Kxd2 c5 11. Rh3 Nc6 12. Bd3 Qe7 13. a3 Bd7 14. Rf3 0-0-0 15. Rf6 cxd4 16. cxd4 Kb8 17. Ne2 Rc8 18. Qf4 Be8 19. Bb5 Qc7 20. Bxc6 Qxc6 21. c3 Qb6 22. Ke1 g5 23. Qc1 Qc7 24. Qb2 gxh4 25. Rb1 Rg8 26. Rxh6 Rxg2 27. Rxh4 b6 28. Qb4 Rg6 29. Rf4 Bc6 30. Kd2 Bb7 31. Rh1 Ba6 32. Rh7 Bxe2 33. Rfxf7 Qc6 34. Kxe2 Qc4+ 35. Qxc4 Rxc4 36. Rf8+ Rc8 37. Rxc8+ Kxc8 38. Rxa7 Kd8 39. Rb7 Rg1 40. Rxb6 Kd7 41. Ke3 Ra1 42. Rb3 Kc6 43. Kf4 1-0

[Event "Trieste op 08th"]
[Site "Trieste"]
[Date "2006.09.05"]
[Round "5"]
[White "Veber, Bojan"]
[Black "Brunello, Roberta"]
[Result "1-0"]
[WhiteElo "2138"]
[BlackElo "1863"]
[PlyCount "83"]
[EventDate "2006.09.02"]
[EventType "swiss"]
[EventRounds "9"]
[EventCountry "ITA"]
[SourceTitle "CBM 114 Extra"]
[Source "ChessBase"]
[SourceDate "2006.11.03"]
[SourceVersion "1"]
[SourceVersionDate "2006.11.03"]
[SourceQuality "1"]

1. e4 e5 2. f4 exf4 3. Nf3 d5 4. exd5 Nf6 5. Bc4 c6 6. d4 Nxd5 7. Bxd5 cxd5 8. Bxf4 Bd6 9. Qe2+ Be6 10. Qb5+ Bd7 11. Qe2+ Be6 12. Bxd6 Qxd6 13. Nc3 0-0 14. 0-0 Nc6 15. Nb5 Qd7 16. Ne5 Qc8 17. c3 a6 18. Nd6 Qc7 19. Nf5 Bxf5 20. Rxf5 Rae8 21. Raf1 f6 22. Qf3 Ne7 23. Rf4 Qd8 24. Nd3 Ng6 25. Rf5 Ne7 26. Rh5 Qc8 27. Nf4 g6 28. Rh3 Qf5 29. Qf2 g5 30. Nh5 Qxf2+ 31. Rxf2 f5 32. Re3 Kf7 33. g4 f4 34. Re5 h6 35. h4 Ng6 36. Rf5+ Ke7 37. hxg5 Nh4 38. Rxf8 Rxf8 39. gxh6 f3 40. Kh2 Rg8 41. Kh3 Ng6 42. Rxf3 1-0

[Event "Trieste op 08th"]
[Site "Trieste"]
[Date "2006.09.03"]
[Round "2"]
[White "Veber, Bojan"]
[Black "Znidarcic, Andrej"]
[Result "1/2-1/2"]
[WhiteElo "2138"]
[BlackElo "2193"]
[PlyCount "21"]
[EventDate "2006.09.02"]
[EventType "swiss"]
[EventRounds "9"]
[EventCountry "ITA"]
[SourceTitle "CBM 114 Extra"]
[Source "ChessBase"]
[SourceDate "2006.11.03"]
[SourceVersion "1"]
[SourceVersionDate "2006.11.03"]
[SourceQuality "1"]

1. e4 e6 2. d4 d5 3. Nc3 Nf6 4. Bg5 Be7 5. e5 Nfd7 6. Bxe7 Qxe7 7. f4 a6 8. Nf3 c5 9. dxc5 Nxc5 10. Bd3 Nc6 11. Qd2 1/2-1/2

[Event "Nova Gorica op-B 11th"]
[Site "Nova Gorica"]
[Date "2006.01.30"]
[Round "6"]
[White "Skok, Joze"]
[Black "Veber, Bojan"]
[Result "1-0"]
[WhiteElo "2082"]
[BlackElo "2156"]
[PlyCount "83"]
[EventDate "2006.01.27"]
[EventType "swiss"]
[EventRounds "9"]
[EventCountry "SLO"]
[SourceTitle "CBM 110 Extra"]
[Source "ChessBase"]
[SourceDate "2006.03.10"]
[SourceVersion "2"]
[SourceVersionDate "2006.03.10"]
[SourceQuality "1"]

1. e4 d6 2. d4 Nf6 3. Nc3 g6 4. Bc4 Bg7 5. Qe2 Nc6 6. Nf3 Bg4 7. Bb5 0-0 8. Be3 a6 9. Bd3 e5 10. d5 Nd4 11. Qd1 c5 12. dxc6 bxc6 13. Be2 Nxe2 14. Qxe2 d5 15. Bc5 Re8 16. 0-0 d4 17. Na4 Qa5 18. b3 Nd7 19. Ba3 f6 20. h3 Be6 21. Qd3 c5 22. Nd2 Bf8 23. Nc4 Qb5 24. Ncb2 Rec8 25. Nc4 Rab8 26. Nab2 Rb7 27. f4 exf4 28. Rxf4 Ne5 29. Nxe5 fxe5 30. Rf6 Rc6 31. Raf1 Bg7 32. R6f3 Rd6 33. Qd2 Rf7 34. Qg5 Rxf3 35. Rxf3 Rd7 36. Na4 h6 37. Qxg6 Bf7 38. Qg4 d3 39. cxd3 h5 40. Qg3 Rd6 41. Bxc5 Rc6 42. Qf2 1-0

[Event "Nova Gorica op-B 11th"]
[Site "Nova Gorica"]
[Date "2006.01.30"]
[Round "7"]
[White "Veber, Bojan"]
[Black "Fantini, Marco"]
[Result "1-0"]
[WhiteElo "2156"]
[BlackElo "2062"]
[PlyCount "68"]
[EventDate "2006.01.27"]
[EventType "swiss"]
[EventRounds "9"]
[EventCountry "SLO"]
[SourceTitle "CBM 110 Extra"]
[Source "ChessBase"]
[SourceDate "2006.03.10"]
[SourceVersion "2"]
[SourceVersionDate "2006.03.10"]
[SourceQuality "1"]

1. e4 e6 2. d4 d5 3. Nc3 Nf6 4. Bg5 Be7 5. e5 Nfd7 6. Bxe7 Qxe7 7. f4 c5 8. Nb5 0-0 9. Nc7 cxd4 10. Nxa8 f6 11. Bd3 fxe5 12. fxe5 Qb4+ 13. c3 dxc3 14. a3 Qc5 15. Qc2 Nxe5 16. 0-0-0 Nxd3+ 17. Qxd3 cxb2+ 18. Kxb2 Nc6 19. Rc1 Ne5 20. Qc3 Nc4+ 21. Ka1 e5 22. Nf3 e4 23. Ne5 Be6 24. Nxc4 dxc4 25. Rhe1 Bd5 26. Qb4 Qxb4 27. axb4 Rxa8 28. Kb2 Kf7 29. Ra1 Ke6 30. Kc3 a6 31. b5 a5 32. b6 Kd6 33. Re2 Kc6 34. Rb1 Rf8 1-0

[Event "Nova Gorica op-B 11th"]
[Site "Nova Gorica"]
[Date "2006.01.28"]
[Round "2"]
[White "Veber, Bojan"]
[Black "Pagnutti, Lorenzo"]
[Result "0-1"]
[WhiteElo "2156"]
[BlackElo "1993"]
[PlyCount "77"]
[EventDate "2006.01.27"]
[EventType "swiss"]
[EventRounds "9"]
[EventCountry "SLO"]
[SourceTitle "CBM 110 Extra"]
[Source "ChessBase"]
[SourceDate "2006.03.10"]
[SourceVersion "2"]
[SourceVersionDate "2006.03.10"]
[SourceQuality "1"]

1. e4 e5 2. f4 exf4 3. Nf3 h6 4. d4 g5 5. Bc4 d6 6. 0-0 Nc6 7. c3 Bg7 8. h4 Qe7 9. a4 Bg4 10. a5 a6 11. Qa4 Bd7 12. Qd1 0-0-0 13. Qd3 Kb8 14. b4 f5 15. exf5 g4 16. Nh2 g3 17. Nf3 Qf6 18. Bxf4 Bxf5 19. Qd2 Be4 20. d5 Nce7 21. Bxg3 Qg6 22. Be1 Nf6 23. Na3 Nfxd5 24. Rc1 Rhf8 25. h5 Qxh5 26. Nh4 Be5 27. Qe2 Rxf1+ 28. Kxf1 Qg5 29. Qxe4 Qxc1 30. Bxd5 Nxd5 31. Qxd5 Bxc3 32. Nf3 Bxe1 33. Nc4 Bxb4+ 34. Kf2 Bc5+ 35. Kg3 Qc2 36. Nfe5 Qh7 37. Nf3 h5 38. Ng5 Qg7 39. Kh2 0-1

[Event "SLO-chT"]
[Site "Bled"]
[Date "2005.11.03"]
[Round "1"]
[White "Brezovar, Matjaz"]
[Black "Veber, Bojan"]
[Result "1/2-1/2"]
[WhiteElo "2241"]
[BlackElo "2140"]
[PlyCount "37"]
[EventDate "2005.11.03"]
[EventType "team"]
[EventRounds "9"]
[EventCountry "SLO"]
[SourceTitle "CBM 109 Extra"]
[Source "ChessBase"]
[SourceDate "2006.01.03"]
[SourceVersion "2"]
[SourceVersionDate "2006.01.03"]
[SourceQuality "1"]

1. e4 d6 2. d4 Nf6 3. Nc3 g6 4. Bg5 Bg7 5. Qd2 c6 6. Bh6 Bxh6 7. Qxh6 e5 8. 0-0-0 Ng4 9. Qd2 Nd7 10. h3 Ngf6 11. Nf3 Qe7 12. Kb1 b5 13. Bd3 0-0 14. Qh6 Re8 15. Ne2 Bb7 16. Ng5 Qf8 17. Qh4 h6 18. Nf3 exd4 19. Nexd4 1/2-1/2